| 000 | 01356cam a2200313 4500500 | ||
|---|---|---|---|
| 005 | 20260322004346.0 | ||
| 041 | _afre | ||
| 042 | _adc | ||
| 100 | 1 | 0 |
_aBa, El Hadji Makhtar _eauthor |
| 700 | 1 | 0 |
_aDanfa, Abdoulaye _eauthor |
| 700 | 1 | 0 |
_aKassé, Magatte _eauthor |
| 700 | 1 | 0 |
_aSylla, Aida _eauthor |
| 700 | 1 | 0 |
_aThiam, Mamadou Habib _eauthor |
| 245 | 0 | 0 | _aApproche psychosociale d’une tentative de suicide par plaie du cou en milieu culturel Pulaar au Sénégal |
| 260 | _c2015. | ||
| 500 | _a48 | ||
| 520 | _aLes suicides par armes blanches ne représentent que 5% de ces actes au Sénégal. Dans le cas étudié d’un suicidant appartenant à la communauté. Peulh, les modalités du passage à l’acte ont une forte connotation culturelle. | ||
| 520 | _aSuicide attempt with a knife is only 5% of these acts tn Senegal. In the sudied case, the person commuting suicide is belonging to the Peul community and the way of commiting suicide has a strong cultural connotation. | ||
| 690 | _aarme blanche | ||
| 690 | _aculturel | ||
| 690 | _aPeulh | ||
| 690 | _aSuicide | ||
| 690 | _acultural | ||
| 690 | _aknife | ||
| 690 | _aPeul | ||
| 690 | _aSuicide | ||
| 786 | 0 | _nPsy Cause | 69 | 2 | 2015-01-21 | p. 35-38 | 1245-2394 | |
| 856 | 4 | 1 | _uhttps://shs.cairn.info/revue-psy-cause-2015-2-page-35?lang=fr&redirect-ssocas=7080 |
| 999 |
_c1739664 _d1739664 |
||